Central Library OPAC University of Rajshahi

Europe since 1815 / (Record no. 63900)

MARC details
000 -LEADER
fixed length control field 00709nam a2200241 a 4500
001 - CONTROL NUMBER
control field 63900
003 - CONTROL NUMBER IDENTIFIER
rucl marc code BD-RjUL
005 - DATE AND TIME OF LATEST TRANSACTION
control field 20211209081242.0
008 - FIXED-LENGTH DATA ELEMENTS--GENERAL INFORMATION
fixed length control field 040217s1959 ii b 001 0 eng d
035 ## - SYSTEM CONTROL NUMBER
System control number (BD-RjUL)64030
040 ## - CATALOGING SOURCE
Original cataloging agency ESU
Transcribing agency ESU
Modifying agency BD-RjUL
Language of cataloging eng
041 ## - LANGUAGE CODE
Language code of text/sound track or separate title eng
082 ## - DEWEY DECIMAL CLASSIFICATION NUMBER
Edition number 23
Classification number 940.28
Author mark and year HAE 1959
100 1# - MAIN ENTRY--PERSONAL NAME
Personal name Hazen, Charles Downer,
Dates associated with a name 1868-1941.
9 (RLIN) 189750
245 10 - TITLE STATEMENT
Title Europe since 1815 /
Statement of responsibility, etc. Charles Downer Hazen
250 ## - EDITION STATEMENT
Edition statement Rev. and enl. ed.
260 ## - PUBLICATION, DISTRIBUTION, ETC. (IMPRINT)
Place of publication, distribution, etc. Calcutta :
Name of publisher, distributor, etc. The world press ltd.,
Date of publication, distribution, etc. 1959.
300 ## - PHYSICAL DESCRIPTION
Pagination xiv, 784 p. ;
Size 22 cm.
500 ## - GENERAL NOTE
General note Includes index
651 #0 - SUBJECT ADDED ENTRY--GEOGRAPHIC NAME
Geographic name Europe
General subdivision History
Chronological subdivision 1789-1900
9 (RLIN) 187817
Geographic name Europe
General subdivision History
Chronological subdivision 20th century
9 (RLIN) 187818
942 ## - ADDED ENTRY ELEMENTS (KOHA)
Source of classification or shelving scheme Dewey Decimal Classification
Koha item type Books
Holdings
Lost status Source of classification or shelving scheme Damaged status Not for loan Collection code Permanent Location Current Location Shelving location Date acquired Source of acquisition Cost, normal purchase price Total Checkouts Full call number Date last seen Copy number Koha item type
  Dewey Decimal Classification   Not For Loan Non-fiction Central Library, University of Rajshahi Central Library, University of Rajshahi Reading Room 11/05/1967 University Book Agency 22.50   940.28 HAE 1959 05/02/2017 C-1 Books